| 000 | 01427nam a2200373 i 4500 | ||
|---|---|---|---|
| 001 | 198018 | ||
| 003 | ES-MaACL | ||
| 005 | 20260526180131.0 | ||
| 007 | ta | ||
| 008 | 251217s2009 mx 001 0cspa c | ||
| 020 | _a978-607-457-025-0 | ||
| 040 |
_aES-MaACL _bspa _cES-MaACL _erda |
||
| 100 | 1 |
_aSánchez Sorondo, Gabriel _9242641 _4aut _eaut |
|
| 245 | 1 | 0 |
_aDiego Rivera y Frida Kahlo : _bel amor entre el elefante y la paloma / _cGabriel Sánchez Sorondo |
| 250 | _aSéptima reimpresión: junio de 2016 | ||
| 264 | 1 |
_aMéxico ; _aMiami ; _aBuenos Aires : _bL.D. Books, _c2016 |
|
| 300 |
_a162 páginas ; _c21 cm |
||
| 336 |
_2rdacontent _atexto |
||
| 337 |
_2rdamedia _asin mediación |
||
| 338 |
_2rdacarrier _avolumen |
||
| 490 | 0 | _aGrandes amores de la historia | |
| 504 | _aBibliografía: páginas 161-162. Índice | ||
| 600 | 1 | 0 |
_aKahlo, Frida, _d1907-1954 _9243138 |
| 600 | 1 | 1 |
_aRivera, Diego ( _d1886-1957) _997610 |
| 650 | 0 | 1 |
_aCartas _9242643 |
| 650 | 0 | 1 |
_aAmor en la literatura _9242644 |
| 650 | 0 | 1 |
_aMexicanos (Biografias) _9242645 |
| 650 | 0 | 1 |
_aBiografias (Iberoamerica) _9242646 |
| 852 |
_aES-MaACL _cDEPO1 _jA-15970 _hDonación: José Lázaro García _xEncuadernación rústica con solapas |
||
| 942 |
_cMONOGRAFIA _n0 |
||
| 999 |
_c198018 _d198018 |
||